Odyssey / (Record no. 22542)
| 000 -LEADER | |
|---|---|
| fixed length control field | 01624nam a22003497a 4500 |
| 008 - FIXED-LENGTH DATA ELEMENTS--GENERAL INFORMATION | |
| fixed length control field | 260416b xxu||||| |||| 00| 0 eng d |
| 040 ## - CATALOGING SOURCE | |
| Transcribing agency | Cagayan State University |
| 082 ## - DEWEY DECIMAL CLASSIFICATION NUMBER | |
| Classification number | 791.4372 |
| Item number | Od27 1997 |
| 245 ## - TITLE STATEMENT | |
| Title | Odyssey / |
| Statement of responsibility, etc | directed by Andrei Konchalovsky ; written by Homer, Andrei Konchalovsky and Chris Solimine ;producer by Francis Ford Coppola, Fred Fuchs, Robert Halmi Sr., Dyson Lovell, Nicholas Meyer, and Chris Thompson. |
| 260 ## - PUBLICATION, DISTRIBUTION, ETC. (IMPRINT) | |
| Place of publication, distribution, etc | United States : |
| Name of publisher, distributor, etc | Hallmark Entertainment, |
| Date of publication, distribution, etc | 1997. |
| 300 ## - PHYSICAL DESCRIPTION | |
| Extent | 1 videofile, (ca. 176 minutes, 2 parts) : |
| Other physical details | sound, color. |
| 500 ## - GENERAL NOTE | |
| General note | Based on the epic poem by Homer. |
| 520 ## - SUMMARY, ETC. | |
| Summary, etc | The Odyssey, King of Ithaca, faces many dangers and mythical creatures during his ten-year journey home after the Trojan War. With determination and intelligence, he overcomes trials sent by the gods and eventually reunites with his faithful wife Penelope and son Telemachus. |
| 546 ## - LANGUAGE NOTE | |
| Language note | In English subtitle. |
| 650 ## - SUBJECT ADDED ENTRY--TOPICAL TERM | |
| Topical term or geographic name as entry element | Adventure. |
| 650 ## - SUBJECT ADDED ENTRY--TOPICAL TERM | |
| Topical term or geographic name as entry element | Drama. |
| 650 ## - SUBJECT ADDED ENTRY--TOPICAL TERM | |
| Topical term or geographic name as entry element | Fantasy. |
| 650 ## - SUBJECT ADDED ENTRY--TOPICAL TERM | |
| Topical term or geographic name as entry element | History. |
| 700 ## - ADDED ENTRY--PERSONAL NAME | |
| Personal name | Konchalovsky, Andrei, director and writer. |
| 700 ## - ADDED ENTRY--PERSONAL NAME | |
| Personal name | Homer, writer. |
| 700 ## - ADDED ENTRY--PERSONAL NAME | |
| Personal name | Solimine, Chris, writer. |
| 700 ## - ADDED ENTRY--PERSONAL NAME | |
| Personal name | Coppola, Francis Ford, producer |
| 700 ## - ADDED ENTRY--PERSONAL NAME | |
| Personal name | Fuchs, Fred, producer. |
| 700 ## - ADDED ENTRY--PERSONAL NAME | |
| Personal name | Halmi, Robert Sr., producer. |
| 700 ## - ADDED ENTRY--PERSONAL NAME | |
| Personal name | Lovell, Dyson, producer. |
| 700 ## - ADDED ENTRY--PERSONAL NAME | |
| Personal name | Meyer, Nicholas, producer. |
| 700 ## - ADDED ENTRY--PERSONAL NAME | |
| Personal name | Thompson, Chris, producer. |
| 700 ## - ADDED ENTRY--PERSONAL NAME | |
| Personal name | Assante, Armand, star |
| 700 ## - ADDED ENTRY--PERSONAL NAME | |
| Personal name | Scacchi, Greta, star. |
| 700 ## - ADDED ENTRY--PERSONAL NAME | |
| Personal name | Rossellini, Isabella, star. |
| 942 ## - ADDED ENTRY ELEMENTS (KOHA) | |
| Source of classification or shelving scheme | |
| Item type | Audio-Visual Materials |
| Source of acquisition | Price effective from | Permanent location | Date last seen | Not for loan | Date acquired | Source of classification or shelving scheme | Koha item type | Collection code | Shelving location | Damaged status | Lost status | Withdrawn status | Current location | Full call number |
|---|---|---|---|---|---|---|---|---|---|---|---|---|---|---|
| Donations | 2026-04-16 | Cagayan State University - Carig Library | 2026-04-16 | 2026-04-16 | Audio-Visual Materials | Electronic Media Center | Electronic Media Center | Cagayan State University - Carig Library | 791.4372 Od27 1997 |